UEFA Champions League 2017-18 Round of 16 Starting XI - Statistics

General Stats
  • This quiz has been taken 1,741 times
    1,656 since last reset
  • The average score is 111 of 176
Answer Stats
Team Player % Correct
Juventus Gianluigi Buffon
97%
FC Porto José Sá
97%
Tottenham Hotspur Hugo Lloris
94%
Paris Saint-Germain Neymar
94%
Manchester United Alexis Sanchez
93%
Manchester City Bernardo Silva
93%
Real Madrid Cristiano Ronaldo
93%
Manchester United David De Gea
93%
Paris Saint-Germain Edinson Cavani
93%
Juventus Giorgio Chiellini
93%
Real Madrid Keylor Navas
93%
FC Barcelona Lionel Messi
93%
Real Madrid Luka Modric
93%
FC Barcelona Marc-André ter Stegen
93%
Tottenham Hotspur Davinson Sanchez
92%
Manchester City Ederson
92%
Tottenham Hotspur Harry Kane
92%
Sevilla Jesus Navas
92%
Real Madrid Karim Benzema
92%
FC Barcelona Luis Suarez
92%
Real Madrid Sergio Ramos
92%
Chelsea Thibaut Courtois
92%
Real Madrid Toni Kroos
92%
Liverpool Andrew Robertson
91%
Real Madrid Casemiro
91%
Chelsea Eden Hazard
91%
FC Barcelona Gérard Piqué
91%
Manchester City Kevin De Bruyne
91%
Real Madrid Marcelo
91%
Juventus Mario Mandzukic
91%
Paris Saint-Germain Marquinhos
91%
Juventus Miralem Pjanic
91%
Liverpool Mohamed Salah
91%
Real Madrid Raphael Varane
91%
Liverpool Roberto Firmino
91%
Liverpool Sadio Mané
91%
Liverpool Virgil van Dijk
91%
FC Barcelona Ivan Rakitic
90%
Bayern Munich Robert Lewandowski
90%
Manchester City Sergio Agüero
90%
Bayern Munich David Alaba
89%
Liverpool Jordan Henderson
89%
FC Barcelona Jordi Alba
89%
Manchester City Kyle Walker
89%
Paris Saint-Germain Kylian Mbappé
89%
Paris Saint-Germain Marco Verratti
89%
Manchester United Romelu Lukaku
89%
Liverpool Trent Alexander-Arnold
89%
Manchester United Antonio Valencia
88%
Tottenham Hotspur Dele Alli
88%
Besiktas Domagoj Vida
88%
Liverpool Georginio Wijnaldum
88%
Manchester City Ilkay Gündogan
88%
Manchester United Victor Lindelöf
88%
Manchester City Vincent Kompany
88%
Chelsea Antonio Rüdiger
87%
Chelsea César Azpilicueta
87%
Bayern Munich James Rodriguez
87%
Liverpool Loris Karius
87%
Manchester City Raheem Sterling
87%
Chelsea Andreas Christensen
86%
Bayern Munich Arturo Vidal
86%
Tottenham Hotspur Christian Eriksen
86%
Juventus Douglas Costa
86%
AS Roma Edin Dzeko
86%
Manchester City Fernandinho
86%
Bayern Munich Kingsley Coman
86%
Chelsea N'Golo Kanté
86%
FC Barcelona Samuel Umtiti
86%
FC Basel Serey Dié
86%
FC Barcelona Sergio Busquets
86%
Real Madrid Isco
85%
Manchester United Nemanja Matic
85%
Manchester City Nicolas Otamendi
85%
Juventus Sami Khedira
85%
Bayern Munich Thomas Müller
85%
Juventus Alex Sandro
84%
Juventus Gonzalo Higuain
84%
Bayern Munich Jérôme Boateng
84%
Liverpool Dejan Lovren
83%
Tottenham Hotspur Jan Vertonghen
83%
Paris Saint-Germain Presnel Kimpembe
82%
Chelsea Willian
82%
Manchester United Juan Mata
81%
Bayern Munich Mats Hummels
81%
FC Barcelona Sergi Roberto
81%
Paris Saint-Germain Alphonse Aréola
80%
Bayern Munich Joshua Kimmich
80%
AS Roma Alisson
79%
Manchester United Scott McTominay
79%
Bayern Munich Javi Martinez
78%
Tottenham Hotspur Serge Aurier
78%
Chelsea Cesc Fabregas
76%
Paris Saint-Germain Dani Alvès
76%
Liverpool James Milner
76%
Juventus Medhi Benatia
76%
AS Roma Kostas Manolas
75%
Tottenham Hotspur Mousa Dembélé
74%
Chelsea Pedro
74%
Bayern Munich Sven Ulreich
73%
Chelsea Victor Moses
73%
Real Madrid Nacho
70%
Manchester United Ander Herrera
69%
Tottenham Hotspur Erik Lamela
69%
FC Porto Hector Herrera
69%
Paris Saint-Germain Adrien Rabiot
68%
FC Barcelona Paulinho
67%
Chelsea Marcos Alonso
66%
Manchester United Chris Smalling
65%
AS Roma Aleksandar Kolarov
64%
Tottenham Hotspur Ben Davies
64%
FC Barcelona Andrès Iniesta
60%
Besiktas Pepe
57%
Manchester City Fabian Delph
56%
AS Roma Alessandro Florenzi
55%
Tottenham Hotspur Eric Dier
55%
Juventus Mattia De Sciglio
52%
AS Roma Daniele De Rossi
51%
AS Roma Radja Nainggolan
51%
Manchester United Ashley Young
49%
AS Roma Federico Fazio
45%
Paris Saint-Germain Giovani Lo Celso
42%
AS Roma Kevin Strootman
42%
FC Porto Yacine Brahimi
41%
Sevilla Franco Vazquez
39%
Besiktas Atiba Hutchinson
37%
Sevilla Clement Lenglet
37%
Shakhtar Donetsk Andriy Pyatov
34%
AS Roma Cengiz Ünder
34%
Shakhtar Donetsk Bernard
33%
Sevilla Luis Muriel
33%
Paris Saint-Germain Yuri Berchiche
32%
Sevilla Steven N'Zonzi
30%
Sevilla Ever Banega
28%
Shakhtar Donetsk Fred
28%
Besiktas Gary Medel
27%
Besiktas Ryan Babel
26%
FC Basel Taulant Xhaka
26%
FC Porto Alex Telles
25%
Besiktas Ricardo Quaresma
25%
Shakhtar Donetsk Taison
24%
FC Basel Tomáš Vaclík
24%
Juventus Federico Bernardeschi
23%
FC Porto Ivan Marcano
23%
Sevilla Sergio Rico
23%
AS Roma Diego Perotti
22%
FC Porto Moussa Marega
22%
FC Porto Otavio
22%
Shakhtar Donetsk Marlos
21%
FC Porto Ricardo Pereira
20%
Besiktas Adriano
17%
Sevilla Joaquin Correa
17%
Shakhtar Donetsk Taras Stepanenko
17%
Besiktas Anderson Talisca
16%
FC Porto Tiquinho Soares
15%
Sevilla Sergio Escudero
14%
FC Basel Fabian Frei
13%
FC Porto Sergio Oliveira
13%
Sevilla Gabriel Mercado
12%
Shakhtar Donetsk Ismaily
12%
FC Porto Diego Reyes
11%
Besiktas Vagner Love
11%
Besiktas Fabri
10%
Besiktas Caner Erkin
9%
Sevilla Pablo Sarabia
9%
Shakhtar Donetsk Facundo Ferreyra
8%
FC Basel Michael Lang
8%
FC Basel Mohamed Elyounoussi
8%
FC Basel Marek Suchy
6%
FC Basel Valentin Stocker
5%
FC Basel Blas Riveros
4%
FC Basel Dimitri Oberlin
4%
Shakhtar Donetsk Bohdan Butko
3%
FC Basel Leo Lacroix
2%
Shakhtar Donetsk Serhiy Kryvtsov
2%
Shakhtar Donetsk Yaroslav Rakytskyi
2%
No matching quizzes found
Score Distribution
Percent of People with Each Score
Percentile by Number Answered
Your Score History
You have not taken this quiz since the last reset